000 00325nam a22001337a 4500
008 250428b |||||||| |||| 00| 0 eng d
020 _a007019887X
050 _aHD9715
_b.F56
100 _aJACKSON, Jerome Ira
245 _aFinancial Manager For Contractor
260 _aU.S.A
_bJackson
_c1981
300 _a236p.
942 _cBK
999 _c3187
_d3187